| 000 | 01440cam a2200385 i 4500 | ||
|---|---|---|---|
| 001 | 1325 | ||
| 005 | 20230816145849.0 | ||
| 008 | 150826s2016 nyu c 000 1 eng c | ||
| 020 | _a9780545880350 (hardcover) | ||
| 040 |
_aNJQ/DLC _beng _cNJQ _erda _dDLC |
||
| 050 | 0 | 0 |
_aPZ7.N67154 _bBr 2016 |
| 082 | 0 | 4 |
_a813.54 _aFic _223 |
| 100 | 1 |
_aNobleman, Marc Tyler _eauthor |
|
| 245 | 1 | 0 |
_aBrave like my brother / _cMarc Tyler Nobleman. |
| 250 | _aFirst edition. | ||
| 260 |
_aNew York : _bScholastic, _c2016 |
||
| 300 |
_a104 pages : _c22 cm |
||
| 505 | _aM | ||
| 520 | _aWhen Charlie's older brother Joe is called up in 1942, Charlie learns about the tedium and dangers of war through Joe's letters--and his brother's bravery in dealing with a spy as D-Day approaches, finally gives Charlie the strength to stand up to the local bully. | ||
| 521 |
_a770
_bLexile |
||
| 521 |
_aM
_bRaz-Plus |
||
| 650 | 0 |
_aBrothers _vJuvenile fiction. |
|
| 650 | 0 |
_aWorld War, 1939-1945 _vJuvenile fiction. |
|
| 650 | 0 |
_aCourage _vJuvenile fiction. |
|
| 650 | 0 |
_aBullying _vJuvenile fiction. |
|
| 650 | 1 |
_aBrothers _vFiction. |
|
| 650 | 1 |
_aWorld War, 1939-1945 _vFiction. |
|
| 650 | 1 |
_aCourage _vFiction. |
|
| 650 | 1 |
_aBullies and bullying _vFiction. |
|
| 650 | 1 |
_aLetters _vFiction. |
|
| 655 | 7 |
_aEpistolary fiction. _2gsafd |
|
| 655 | 7 |
_aHistorical fiction. _2gsafd |
|
| 906 |
_a7 _bcbc _corignew _d1 _eecip _f20 _gy-gencatlg |
||
| 942 |
_2ddc _cBK _n0 |
||
| 999 |
_c1325 _d1325 |
||